000 00358nam a2200157Ia 4500
008 100122s9999 xx 000 0 und d
082 _b75229
_a954
100 _aनायक श्रीकांत
245 _aमंथन
250 _a1
260 _c2008
300 _a320
630 _aमंथन
730 _aमंथन
942 _cBOOK
999 _c391305
_d391302